000
00343nam a2200145 4500
001
38151
090
_a
38151
100
_a
20220907 frey50
101
_a
POR
102
_a
PT
200
_a
A história do Cãozinho
_f
Bob Bampton
210
_a
Lisboa
_c
Círculo de Leitores
_d
1998
215
_a
[10] p.
_c
il
801
_a
PT
_b
BMR
_g
RPC
990
_c
LIVROS